Statistics for The Hunger Games Tributes

Click here to take the quiz!

General Stats

  • This quiz has been taken 1,307 times
  • The average score is 18 of 23

Answer Stats

Hunger GamesDistrictAnswer% Correct
74th & 75th12Katniss
100%
74th & 75th12Peeta
99%
74th11Rue
98%
74th2Cato
97%
74th1Glimmer
95%
75th4Finnick
94%
74th11Thresh
94%
74th2Clove
93%
74th5Foxface
89%
74th1Marvel
87%
75th4Mags
85%
75th7Johanna
84%
75th3Beetee
81%
75th3Wiress
81%
75th2Brutus
69%
75th2Enobaria
67%
75th1Gloss
67%
75th1Cashmere
65%
75th11Chaff
51%
75th7Blight
49%
75th11Seeder
44%
75th8Woof
35%
75th8Cecelia
32%

Score Distribution

Percentile by Number Answered

Percent of People with Each Score

Your Score History

You have not taken this quiz